|
|
|
|
| LEADER |
00000nab a2200000 a 4500 |
| 001 |
vtls008954952 |
| 003 |
SK-MaSNL |
| 005 |
20260303070333.0 |
| 008 |
070313c20070227xo mr| 0 0slo |
| 038 |
|
|
|a RVGKPD
|
| 040 |
|
|
|a RVGKPD
|b slo
|c RVGKPD
|e AACR2
|
| 041 |
|
|
|a slo
|
| 044 |
|
|
|a xo
|c SK
|
| 080 |
|
|
|a 628.4.036:628.4
|2 1997
|
| 100 |
1 |
|
|a Mazurková, Renáta,
|d 1972-
|4 aut
|9 859052
|
| 245 |
1 |
0 |
|a Namiesto skládky chcú terénne úpravy
|c Renáta Mazurková
|
| 300 |
|
|
|b Fotogr.
|
| 650 |
0 |
7 |
|a stavebný odpad
|2 rvgkpd
|9 70912
|
| 650 |
0 |
7 |
|a skládky odpadu
|2 rvgkpd
|9 16790
|
| 651 |
|
7 |
|a Nadabula (Rožňava, Slovensko)
|2 rvgkpd
|9 58491
|
| 651 |
|
7 |
|a Rožňava (Slovensko)
|2 rvgkpd
|9 17394
|
| 773 |
0 |
|
|t Korzár : Gemerský denník
|g Roč. IX, č. 48 (27.2.2007), s. 1
|x 1335-7581
|
| 852 |
|
|
|a RVGKPD
|b KIS3G
|
| 992 |
|
|
|a RBX
|
| 999 |
|
|
|c 1754934
|d 1756864
|